000 01271nam a22002897i 4500
003 DO-SdBNP
005 20250611092459.0
007 ta
008 250606b2010 |||||||| |||| 00| 0 spa d
040 _aDO-SdBNP
_bspa
_cBNPHU
_erda
041 _hsp
082 _a304.87307293
_bM636r
_222
245 1 0 _aMigración, remesas y desarrollo local sensible al género :
_cel caso de la República Dominicana
264 _a[New York, New York] :
_bInstituto Internacional de Investigaciones y Capacitación de las Naciones Unidas para la Promoción de la Mujer (UN-INSTRAW),
_c2010.
300 _a54 páginas :
_bilustraciones ;
_c29 cm
336 _ardacontent
_btexto
_2txt
337 _ardamedia
_bsin mediación
_2n
338 _ardacarrier
_bvolumen
_2nc
505 _aResumen ejecutivo 1|Introducción 7|Flujos migratorios y de remesas entre República Dominicana y Estados Unidos 10|Remesas 29|Vinculando migración y desarrollo 44|Recomendaciones 49|Bibliografía 53
590 _aInventariado, 2025/DG
650 4 _aDerechos de la mujer
_988000
_yRepública Dominicana
650 4 _aRemesas
_yRepública Dominicana
_988048
650 4 _aRepública Dominicana
_xEmigración e inmigración
_yEstados Unidos
_988049
651 4 _988001
910 _aDG
942 _2ddc
_cLF2
999 _c59216
_d59216